Music Quiz

Random Music or Billboard Quiz

#1 Hits ('90-'94) by Any Word Quiz Stats

 Plays Quiz Updated Sep 14, 2018

Score 0/84 Timer 06:00
3 Plays Today
Artist Song % Correct
Stevie BBecause I Love You (The Postman Song)
98.6%
Hi-FiveI Like the Way (The Kissing Game)
98.1%
James IngramI Don't Have the Heart
98.1%
Whitney HoustonAll The Man That I Need
98.1%
Whitney HoustonI Will Always Love You
98.1%
UB40Can't Help Falling in Love
97.9%
Meat LoafI'd Do Anything for Love (But I Won't Do That)
97.9%
Michael BoltonHow Am I Supposed to Live Without You
97.8%
Bryan Adams(Everything I Do) I Do It For You
97.7%
Lisa Loeb & Nine StoriesStay (I Missed You)
97.6%
Paula AbdulThe Promise of a New Day
96.9%
Mariah CareyI Don't Wanna Cry
96.6%
Color Me BaddI Adore Mi Amor
96.6%
All-4-OneI Swear
96.4%
Boyz II MenI'll Make Love to You
96.1%
Celine DionThe Power of Love
96%
Janet JacksonThat's the Way Love Goes
95.8%
George Michael/Elton JohnDon't Let the Sun Go Down on Me
95.6%
Janet JacksonLove Will Never Do (Without You)
95.5%
Sinéad O'ConnorNothing Compares 2 U
95.2%
Taylor DayneLove Will Lead You Back
95.2%
The HeightsHow Do You Talk to An Angel
95.2%
Michael BoltonWhen a Man Loves a Woman
94.8%
Mr. BigTo Be with You
94.3%
Wilson PhillipsYou're in Love
94.3%
Peabo Bryson & Regina BelleA Whole New World (Aladdin's Theme)
94.2%
Nelson(Can't Live Without Your) Love and Affection
93.4%
Bryan Adams/Rod Stewart/StingAll for Love
93.1%
Artist Song % Correct
RoxetteIt Must Have Been Love
92.7%
Maxi PriestClose to You
92.5%
Mariah CareyVision of Love
92%
MadonnaJustify My Love
91.8%
C+C Music Factory featuring Freedom WilliamsGonna Make You Sweat (Everybody Dance Now)
91.6%
Color Me BaddAll 4 Love
91.4%
Vanessa WilliamsSave the Best for Last
90.7%
Boyz II MenEnd of the Road
90.4%
Mariah CareyLove Takes Time
89.5%
Gloria EstefanComing Out of the Dark
89.4%
MadonnaThis Used to Be My Playground
88.7%
LondonbeatI've Been Thinking About You
88.5%
Ace of BaseThe Sign
88.4%
Ini KamozeHere Comes the Hotstepper
87.2%
SurfaceThe First Time
87%
R. KellyBump 'n Grind
84.6%
Vanilla IceIce Ice Baby
83.9%
Whitney HoustonI'm Your Baby Tonight
83.7%
Sir Mix-a-LotBaby Got Back
78%
Phil CollinsAnother Day in Paradise
77.5%
Tommy PageI'll Be Your Everything
75.3%
Wilson PhillipsHold On
72.5%
Amy GrantBaby Baby
71.6%
Mariah CareyI'll Be There
69.9%
PM DawnSet Adrift on Memory Bliss
69.2%
Boyz II MenOn Bended Knee
67.9%
Right Said FredI'm Too Sexy
65.8%
Glenn Medeiros featuring Bobby BrownShe Ain't Worth It
65.7%
Artist Song % Correct
SilkFreak Me
64.6%
Wilson PhillipsRelease Me
64.4%
Michael JacksonBlack or White
60.1%
George MichaelPraying for Time
60%
Jon Bon JoviBlaze of Glory
57.1%
Kris KrossJump
51%
Timmy TOne More Try
50.4%
Janet JacksonBlack Cat
47.9%
Alannah MylesBlack Velvet
47.7%
ExtremeMore Than Words
41.6%
Sweet SensationIf Wishes Came True
37.9%
Marky Mark & The Funky Bunch featuring Loleatta HollowayGood Vibrations
36.9%
MadonnaVogue
33.6%
SnowInformer
30.8%
EMFUnbelievable
27.9%
New Kids on the BlockStep by Step
26.9%
Paula Abdul with the Wild PairOpposites Attract
26.7%
Mariah CareyHero
17.8%
Prince & The New Power GenerationCream
11.7%
Paula AbdulRush, Rush
11.6%
Janet JacksonAgain
10.5%
RoxetteJoyride
10.1%
Mariah CareyEmotions
9.6%
Mariah CareyDreamlover
8.3%
Janet JacksonEscapade
7.9%
SWVWeak
5.9%
Mariah CareySomeday
5.8%
Karyn WhiteRomantic
2.7%

You're not logged in!

Compare scores with friends on all Sporcle quizzes.
OR
Log In

Show Comments

Extras

Top Quizzes Today


Score Distribution

Your Account Isn't Verified!

In order to create a playlist on Sporcle, you need to verify the email address you used during registration. Go to your Sporcle Settings to finish the process.

Report this User

Report this user for behavior that violates our Community Guidelines.

Details: